Kālidāsa's vision of Kumārasaḿbhava, (Record no. 74353)
[ view plain ]
| 000 -LEADER | |
|---|---|
| fixed length control field | 00924cam a22002651 4500 |
| 001 - CONTROL NUMBER | |
| control field | sa 67004275 |
| 003 - CONTROL NUMBER IDENTIFIER | |
| control field | DLC |
| 005 - DATE AND TIME OF LATEST TRANSACTION | |
| control field | 20260227112345.0 |
| 008 - FIXED-LENGTH DATA ELEMENTS--GENERAL INFORMATION | |
| fixed length control field | 801103s1963 ii b 000 0 eng |
| 010 ## - LIBRARY OF CONGRESS CONTROL NUMBER | |
| LC control number | sa 67004275 |
| 035 ## - SYSTEM CONTROL NUMBER | |
| System control number | (OCoLC)6894139 |
| 040 ## - CATALOGING SOURCE | |
| Original cataloging agency | DLC |
| Transcribing agency | NBrockU |
| Modifying agency | DLC |
| 041 0# - LANGUAGE CODE | |
| Language code of text/sound track or separate title | engsan |
| 042 ## - AUTHENTICATION CODE | |
| Authentication code | premarc |
| 050 00 - LIBRARY OF CONGRESS CALL NUMBER | |
| Classification number | PK3796.K8 |
| Item number | S9 |
| 100 0# - MAIN ENTRY--PERSONAL NAME | |
| Personal name | Surya Kanta. |
| 245 10 - TITLE STATEMENT | |
| Title | Kālidāsa's vision of Kumārasaḿbhava, |
| Remainder of title | a study of the Kumāra-problem; a key to the correct comprehension of Kālidāsa's poem and philosophy |
| Statement of responsibility, etc. | [by] Sūryakānta. |
| 250 ## - EDITION STATEMENT | |
| Edition statement | [1st ed.] |
| 260 ## - PUBLICATION, DISTRIBUTION, ETC. | |
| Place of publication, distribution, etc. | Delhi, |
| Name of publisher, distributor, etc. | Mehar Chand Lachman Das |
| Date of publication, distribution, etc. | [1963] |
| 300 ## - PHYSICAL DESCRIPTION | |
| Extent | xiii, 150 p. |
| Dimensions | 23 cm. |
| 500 ## - GENERAL NOTE | |
| General note | On verso of t.p.: Published by Sudarshan Kumar under the authority of Shri Bhārata Bhāratī, Delhi. |
| 500 ## - GENERAL NOTE | |
| General note | English and Sanskrit. |
| 504 ## - BIBLIOGRAPHY, ETC. NOTE | |
| Bibliography, etc. note | Bibliographical footnotes. |
| 600 00 - SUBJECT ADDED ENTRY--PERSONAL NAME | |
| Personal name | Kālidāsa. |
| Title of a work | Kumārasambhava. |
No items available.